[Event "NED-ch39"]
[Site "Hilversum"]
[Date "1984.09.07"]
[Round "7"]
[White "Van Wijgerden, Cornelis"]
[Black "Van Mil, Johan"]
[Result "1-0"]
[WhiteElo "2435"]
[BlackElo "2370"]
[PlyCount "75"]
[EventDate "1984.08.31"]
[EventType "tourn"]
[EventRounds "11"]
[EventCountry "NED"]
[EventCategory "7"]
[SourceTitle "MCD"]
[Source "ChessBase"]
[SourceDate "1999.07.01"]
[SourceVersion "1"]
[SourceVersionDate "1999.07.01"]
[SourceQuality "1"]

1. e4 c5 2. c3 d6 3. d4 Nf6 4. Bd3 g6 5. dxc5 dxc5 6. Qe2 Bg7 7. Nf3 0-0 8. 0-0 Qc7 9. h3 Nc6 10. Re1 Nd7 11. Bg5 h6 12. Bh4 Nde5 13. Nbd2 Nxd3 14. Qxd3 Rd8 15. Qe2 Be6 16. Nc4 b5 17. Ne3 Qb7 18. a3 Rd7 19. Red1 Rad8 20. Rxd7 Rxd7 21. Rd1 Na5 22. Rxd7 Qxd7 23. Qd2 Qxd2 24. Nxd2 Kf8 25. f4 b4 26. axb4 cxb4 27. cxb4 Nc6 28. f5 Ba2 29. b5 Nd4 30. fxg6 fxg6 31. Nec4 Nxb5 32. Bf2 Nd4 33. Bxd4 Bxd4+ 34. Kf1 Ke8 35. b3 Kd7 36. Ke2 Kc6 37. Kd3 Kc5 38. b4+ 1-0

[Event "OHRA GM Open"]
[Site "Arnhem/ Amsterdam"]
[Date "1983.07.??"]
[Round "?"]
[White "Bohm, Hans"]
[Black "Van Wijgerden, Cornelis"]
[Result "1/2-1/2"]
[WhiteElo "2410"]
[BlackElo "2440"]
[PlyCount "109"]
[EventDate "1983.07.15"]
[EventType "swiss"]
[EventRounds "11"]
[EventCountry "NED"]
[SourceTitle "MCD"]
[Source "ChessBase"]
[SourceDate "1999.07.01"]
[SourceVersion "1"]
[SourceVersionDate "1999.07.01"]
[SourceQuality "1"]

1. d4 d6 2. g3 f5 3. Nf3 Nf6 4. b3 g6 5. Bb2 Bg7 6. Bg2 0-0 7. 0-0 c6 8. c4 Na6 9. Nbd2 Nc7 10. Qc2 Rb8 11. Rac1 Bd7 12. Rfe1 a6 13. e4 fxe4 14. Nxe4 Bf5 15. Nh4 Bxe4 16. Bxe4 Nxe4 17. Qxe4 Rf7 18. Rc2 Bf6 19. d5 cxd5 20. cxd5 Qd7 21. Bxf6 exf6 22. Rec1 Re7 23. Qd3 Ne8 24. Ng2 Ng7 25. Ne3 Rbe8 26. Rc4 Nh5 27. g4 Ng7 28. h3 Rf8 29. Qc3 f5 30. Rc8 Ref7 31. Rxf8+ Rxf8 32. Qc7 Qxc7 33. Rxc7 Rf7 34. Rc8+ Rf8 35. Rc7 Rf7 36. Rc8+ Rf8 37. Rc4 Rf7 38. a4 fxg4 39. hxg4 h5 40. Kg2 hxg4 41. Rxg4 Kh7 42. Rb4 Nh5 43. Rb6 Nf4+ 44. Kg3 Nh5+ 45. Kh4 Kg7 46. Ng4 Nf6 47. Rxd6 Nxg4 48. Kxg4 Rxf2 49. Rb6 Rf7 50. Rb4 Kf8 51. Rb6 Kg7 52. a5 Kh6 53. Re6 Rf5 54. Rd6 Kg7 55. b4 1/2-1/2

[Event "NED-ch38"]
[Site "Hilversum"]
[Date "1983.04.27"]
[Round "10"]
[White "Van der Sterren, Paul"]
[Black "Van Wijgerden, Cornelis"]
[Result "1-0"]
[WhiteElo "2460"]
[BlackElo "2440"]
[PlyCount "55"]
[EventDate "1983.04.16"]
[EventType "tourn"]
[EventRounds "11"]
[EventCountry "NED"]
[EventCategory "7"]
[SourceTitle "MCD"]
[Source "ChessBase"]
[SourceDate "1999.07.01"]
[SourceVersion "1"]
[SourceVersionDate "1999.07.01"]
[SourceQuality "1"]

1. e4 d6 2. d4 Nf6 3. Nc3 g6 4. f4 Bg7 5. Nf3 0-0 6. Bd3 Nc6 7. e5 dxe5 8. fxe5 Nh5 9. Be3 Bg4 10. Be2 f6 11. exf6 Bxf6 12. 0-0 Ng7 13. d5 Nf5 14. Bf2 Nb4 15. h3 Bxf3 16. Bxf3 c6 17. a3 Bxc3 18. axb4 Bxb2 19. Ra2 Bc3 20. dxc6 bxc6 21. Bxc6 Qxd1 22. Rxd1 Rad8 23. Bd5+ Kg7 24. g4 Nd6 25. Rxa7 Nc8 26. Rb7 Rf4 27. Rd3 Be5 28. Bg3 1-0

[Event "NED-ch38"]
[Site "Hilversum"]
[Date "1983.04.25"]
[Round "8"]
[White "Van Wijgerden, Cornelis"]
[Black "Van Scheltinga, Theo D"]
[Result "1-0"]
[WhiteElo "2440"]
[BlackElo "2325"]
[PlyCount "69"]
[EventDate "1983.04.16"]
[EventType "tourn"]
[EventRounds "11"]
[EventCountry "NED"]
[EventCategory "7"]
[SourceTitle "MCD"]
[Source "ChessBase"]
[SourceDate "1999.07.01"]
[SourceVersion "1"]
[SourceVersionDate "1999.07.01"]
[SourceQuality "1"]

1. e4 c5 2. c3 Nf6 3. e5 Nd5 4. d4 cxd4 5. cxd4 Nc6 6. Bc4 Nb6 7. Bb3 d5 8. Bg5 Bf5 9. Ne2 h6 10. Bh4 Qd7 11. Nbc3 e6 12. Ng3 Bg6 13. 0-0 Rc8 14. Kh1 Na5 15. f4 Nac4 16. Qe2 Bb4 17. Rf3 0-0 18. Raf1 a5 19. f5 exf5 20. Nxf5 Bxf5 21. Rxf5 Nxb2 22. Ne4 dxe4 23. Rxf7 Rxf7 24. Bxf7+ Kh8 25. Qxb2 Qg4 26. Bg3 e3 27. a3 Na4 28. Qb3 e2 29. Rg1 Qxd4 30. axb4 Nb2 31. Bh5 a4 32. Qe6 Qxg1+ 33. Kxg1 Rc1+ 34. Be1 Rxe1+ 35. Kf2 1-0

[Event "Nijmegen RABO"]
[Site "Nijmegen"]
[Date "1983.02.26"]
[Round "5"]
[White "Ree, Hans"]
[Black "Van Wijgerden, Cornelis"]
[Result "0-1"]
[WhiteElo "2500"]
[BlackElo "2440"]
[PlyCount "98"]
[EventDate "1983.02.26"]
[EventType "tourn (rapid)"]
[EventRounds "7"]
[EventCountry "NED"]
[EventCategory "7"]
[SourceTitle "EXT 2018"]
[Source "ChessBase"]
[SourceDate "2017.10.13"]
[SourceVersion "1"]
[SourceVersionDate "2017.10.13"]
[SourceQuality "1"]

1. d4 g6 2. e4 Bg7 3. c4 d6 4. Nc3 Nf6 5. f3 0-0 6. Be3 e5 7. d5 Nh5 8. Qd2 Qh4+ 9. Bf2 Qf4 10. c5 Qxd2+ 11. Kxd2 Bh6+ 12. Kc2 Na6 13. cxd6 cxd6 14. Nb5 Rd8 15. Bxa7 Bd7 16. Bb6 Rdc8+ 17. Kd1 Bf8 18. Be3 f5 19. Nc3 Nc5 20. Nge2 fxe4 21. fxe4 Nf6 22. Ng3 Ng4 23. Bg1 Bh6 24. Be2 Nb3 25. Rb1 Nd4 26. Bd3 Rf8 27. Ke1 Be3 28. h3 Bf2+ 29. Bxf2 Nxf2 30. Kd2 Nxh1 31. Nxh1 h5 32. Ke3 Kg7 33. Ng3 Bxh3 34. Rg1 Bg4 35. Nf1 Rf7 36. Nd2 Raf8 37. Nc4 Rf2 38. Nxd6 Rxb2 39. Nc4 Nc2+ 40. Bxc2 Rxc2 41. Kd3 Rff2 42. Nxe5 Rxg2 43. Rxg2 Rxg2 44. d6 Be6 45. d7 Bxd7 46. Nxd7 h4 47. Ne5 h3 48. Nf3 Rg3 49. Ke2 h2 0-1

[Event "Nijmegen RABO"]
[Site "Nijmegen"]
[Date "1983.02.26"]
[Round "2"]
[White "Van Wijgerden, Cornelis"]
[Black "Sosonko, Gennadi"]
[Result "0-1"]
[WhiteElo "2440"]
[BlackElo "2585"]
[PlyCount "86"]
[EventDate "1983.02.26"]
[EventType "tourn (rapid)"]
[EventRounds "7"]
[EventCountry "NED"]
[EventCategory "7"]
[SourceTitle "EXT 2018"]
[Source "ChessBase"]
[SourceDate "2017.10.13"]
[SourceVersion "1"]
[SourceVersionDate "2017.10.13"]
[SourceQuality "1"]

1. e4 c6 2. d4 d5 3. exd5 cxd5 4. Bd3 Nc6 5. c3 Nf6 6. Ne2 e5 7. dxe5 Nxe5 8. Bb5+ Bd7 9. Bxd7+ Qxd7 10. 0-0 Bc5 11. Nd2 0-0 12. Nb3 Bb6 13. Bf4 Nc4 14. Qc2 Rfe8 15. Ned4 Ne4 16. Rad1 Qg4 17. Bg3 Qg6 18. Rd3 Nxg3 19. hxg3 Nxb2 20. Rf3 Qxc2 21. Nxc2 Rac8 22. Nb4 Re5 23. Nd4 Na4 24. Nb5 a6 25. Nd6 Nxc3 26. Ra1 Rc7 27. g4 g6 28. Rd3 a5 29. Nb5 axb4 30. Nxc7 Bxc7 31. a3 Bb6 32. axb4 Ne4 33. Kf1 Nxf2 34. Rd2 Nxg4 35. Ra8+ Kg7 36. Re2 Ne3+ 37. Ke1 d4 38. Kd2 Rb5 39. Ra4 Nc4+ 40. Kd3 Ne5+ 41. Ke4 f5+ 42. Kf4 d3 43. Rd2 Kf6 0-1

[Event "Hoogovens-B"]
[Site "Wijk aan Zee"]
[Date "1983.01.21"]
[Round "2"]
[White "Van Wijgerden, Cornelis"]
[Black "Nijboer, Friso"]
[Result "1/2-1/2"]
[WhiteElo "2440"]
[BlackElo "2285"]
[PlyCount "37"]
[EventDate "1983.01.20"]
[EventType "tourn"]
[EventRounds "9"]
[EventCountry "NED"]
[EventCategory "6"]
[SourceTitle "MCD"]
[Source "ChessBase"]
[SourceDate "1999.07.01"]
[SourceVersion "1"]
[SourceVersionDate "1999.07.01"]
[SourceQuality "1"]

1. e4 Nf6 2. e5 Nd5 3. d4 d6 4. Nf3 Bg4 5. Be2 c6 6. c4 Nc7 7. Qb3 dxe5 8. dxe5 Qc8 9. 0-0 Nd7 10. Bf4 Ne6 11. Bg3 g6 12. h3 Bxf3 13. Qxf3 Qc7 14. Qe3 Qb6 15. Qxb6 axb6 16. Nc3 Bh6 17. Bg4 Ndc5 18. Rad1 Rd8 19. Rxd8+ 1/2-1/2

[Event "EU-chT 08th Final"]
[Site "Plovdiv"]
[Date "1983.??.??"]
[Round "4.8"]
[White "Van Wijgerden, Cornelis"]
[Black "Hartston, William R"]
[Result "1-0"]
[WhiteElo "2440"]
[BlackElo "2455"]
[PlyCount "93"]
[EventDate "1983.06.23"]
[EventType "team-tourn"]
[EventRounds "7"]
[EventCountry "BUL"]
[SourceTitle "EU-chT"]
[Source "ChessBase"]
[SourceDate "1999.07.01"]
[SourceVersion "2"]
[SourceVersionDate "1999.07.01"]
[SourceQuality "1"]
[WhiteTeam "Netherlands"]
[BlackTeam "England"]
[WhiteTeamCountry "NED"]
[BlackTeamCountry "ENG"]

1. e4 c5 2. c3 d5 3. exd5 Qxd5 4. d4 Nf6 5. Nf3 e6 6. Na3 Qd8 7. Be2 Nc6 8. 0-0 cxd4 9. Nb5 a6 10. Nbxd4 Nxd4 11. Qxd4 Qxd4 12. Nxd4 Bd6 13. Bf3 0-0 14. Rd1 Bc7 15. Nb3 Rb8 16. Bg5 Nd7 17. Be7 Re8 18. Bd6 Bxd6 19. Rxd6 Ne5 20. Be2 g5 21. Re1 b5 22. Nc5 Nc4 23. Bxc4 bxc4 24. Re2 Rb5 25. Ne4 Kg7 26. Rd4 Rd5 27. Red2 Red8 28. Rxd5 exd5 29. Nxg5 Bf5 30. Nf3 Bb1 31. a3 Kf6 32. Nd4 Re8 33. f3 Re1+ 34. Kf2 Rh1 35. h3 Bd3 36. Nc6 Rf1+ 37. Kg3 Rb1 38. Kf4 Rg1 39. Nb4 a5 40. Nxd5+ Ke6 41. Ne3 Rb1 42. Ng4 Kd5 43. Ne5 Kc5 44. Nxf7 Kb5 45. Ne5 Ka4 46. Nxd3 cxd3 47. Ke3 1-0

[Event "Amsterdam op"]
[Site "Amsterdam"]
[Date "1982.07.??"]
[Round "4"]
[White "King, Daniel J"]
[Black "Van Wijgerden, Cornelis"]
[Result "0-1"]
[WhiteElo "2365"]
[BlackElo "2425"]
[PlyCount "76"]
[EventDate "1982.07.??"]
[EventType "swiss"]
[EventRounds "9"]
[EventCountry "NED"]
[SourceTitle "MCL"]
[Source "ChessBase"]
[SourceDate "1999.07.01"]
[SourceVersion "1"]
[SourceVersionDate "1999.07.01"]
[SourceQuality "1"]

1. Nf3 d5 2. d4 Nf6 3. g3 c6 4. Bg2 Bf5 5. 0-0 e6 6. c4 Be7 7. Qb3 Qb6 8. Qxb6 axb6 9. Nbd2 0-0 10. b3 Nbd7 11. Nh4 Bc2 12. Bb2 h6 13. Rfc1 Bh7 14. a4 Bb4 15. Bc3 Bxc3 16. Rxc3 Ra5 17. Nhf3 Rfa8 18. Rac1 dxc4 19. Nxc4 Nd5 20. Nxa5 Nxc3 21. Rxc3 Rxa5 22. Nd2 b5 23. axb5 Rxb5 24. Nc4 Kf8 25. Kf1 Nf6 26. Ke1 Nd5 27. Bxd5 exd5 28. Nb2 Rb4 29. e3 Ke7 30. Kd2 Rb5 31. h4 Kd6 32. Na4 Bf5 33. Kc1 b6 34. Kb2 c5 35. Rc1 c4 36. Rc3 Bd7 37. Kc2 Rxb3 38. Nb2 Bf5+ 0-1

[Event "Amsterdam op"]
[Site "Amsterdam"]
[Date "1982.07.??"]
[Round "9"]
[White "Short, Nigel D"]
[Black "Van Wijgerden, Cornelis"]
[Result "1-0"]
[WhiteElo "2430"]
[BlackElo "2425"]
[PlyCount "85"]
[EventDate "1982.07.??"]
[EventType "swiss"]
[EventRounds "9"]
[EventCountry "NED"]
[SourceTitle "MCL"]
[Source "ChessBase"]
[SourceDate "1999.07.01"]
[SourceVersion "1"]
[SourceVersionDate "1999.07.01"]
[SourceQuality "1"]

1. e4 g6 2. d4 Bg7 3. Nf3 d6 4. Be2 Nf6 5. Nc3 0-0 6. 0-0 c6 7. a4 Qc7 8. h3 e5 9. Re1 Nbd7 10. Be3 exd4 11. Bxd4 Re8 12. Nd2 b6 13. Nc4 Re6 14. f3 Bb7 15. Qd2 a6 16. Bf1 Rae8 17. Ne3 b5 18. axb5 axb5 19. b4 Nb6 20. Ng4 Nxg4 21. hxg4 Nc8 22. Ne2 Rd8 23. Bxg7 Kxg7 24. Nd4 Re7 25. Nb3 Ree8 26. Red1 Qe7 27. Qc3+ Qe5 28. Qxe5+ Rxe5 29. Kf2 Rh8 30. Rd3 Rd8 31. Nc5 Re7 32. e5 d5 33. Rc3 Nb6 34. Ra7 Rb8 35. Rxb7 Rbxb7 36. Nxb7 Rxb7 37. Rxc6 Nc4 38. f4 Ra7 39. Rc5 Ra2 40. Bd3 Na3 41. f5 Rb2 42. f6+ Kh6 43. e6 1-0

[Event "Amsterdam op"]
[Site "Amsterdam"]
[Date "1982.07.??"]
[Round "8"]
[White "Van Wijgerden, Cornelis"]
[Black "Gruenfeld, Yehuda"]
[Result "1-0"]
[WhiteElo "2425"]
[BlackElo "2505"]
[PlyCount "97"]
[EventDate "1982.07.??"]
[EventType "swiss"]
[EventRounds "9"]
[EventCountry "NED"]
[SourceTitle "MCL"]
[Source "ChessBase"]
[SourceDate "1999.07.01"]
[SourceVersion "1"]
[SourceVersionDate "1999.07.01"]
[SourceQuality "1"]

1. g3 g6 2. Bg2 Bg7 3. d4 d6 4. Nc3 Nc6 5. Nf3 Bg4 6. d5 Nb4 7. a3 Na6 8. Nd4 Qc8 9. Qd3 Nf6 10. h3 Bd7 11. e4 c5 12. Nde2 0-0 13. g4 Nc7 14. g5 Nfe8 15. h4 b5 16. h5 b4 17. Nd1 bxa3 18. Qg3 e5 19. Qh4 f5 20. hxg6 hxg6 21. Qh7+ Kf7 22. Rh6 Ke7 23. Rxg6 f4 24. Rxg7+ Nxg7 25. Qxg7+ Rf7 26. Qh6 Qh8 27. Rxa3 Rh7 28. Qf6+ Qxf6 29. gxf6+ Kxf6 30. c4 Rh4 31. Bf3 Bc8 32. Nec3 Rh3 33. Ke2 Ba6 34. b3 Rg8 35. Nb1 Bc8 36. Nd2 a6 37. Nb2 Rg1 38. Nd3 Kg5 39. Bb2 Ne8 40. b4 cxb4 41. Nxb4 Nf6 42. Nd3 Nh5 43. Ra1 Rxa1 44. Bxa1 a5 45. c5 dxc5 46. Nxc5 Nf6 47. Bxe5 a4 48. Nxa4 Ba6+ 49. Kd1 1-0

[Event "Amsterdam op"]
[Site "Amsterdam"]
[Date "1982.07.??"]
[Round "3"]
[White "Van Wijgerden, Cornelis"]
[Black "Van Mil, Johan"]
[Result "1-0"]
[WhiteElo "2425"]
[BlackElo "2315"]
[PlyCount "79"]
[EventDate "1982.07.??"]
[EventType "swiss"]
[EventRounds "9"]
[EventCountry "NED"]
[SourceTitle "MCL"]
[Source "ChessBase"]
[SourceDate "1999.07.01"]
[SourceVersion "1"]
[SourceVersionDate "1999.07.01"]
[SourceQuality "1"]

1. g3 d5 2. Bg2 Nf6 3. d3 c6 4. Nd2 g6 5. Ngf3 Bg7 6. 0-0 0-0 7. e4 a5 8. e5 Ne8 9. Re1 a4 10. Nf1 Nc7 11. h4 c5 12. Be3 d4 13. Bd2 Nc6 14. Qc1 Be6 15. Bh6 Bd5 16. N1h2 Qd7 17. h5 a3 18. b3 Nb4 19. Bxg7 Kxg7 20. Ng5 Bxg2 21. Kxg2 f6 22. exf6+ exf6 23. Ne4 g5 24. Nf3 g4 25. Nh4 Qd5 26. Kg1 Ne6 27. Nd6 Ng5 28. c4 Qc6 29. Qd2 Qxd6 30. Nf5+ Kh8 31. Qxg5 fxg5 32. Nxd6 Nxd3 33. Re7 Rxf2 34. Nf7+ Kg8 35. Nh6+ Kf8 36. Rxh7 Re8 37. Nxg4 Rf7 38. Rxf7+ Kxf7 39. Rf1+ Kg7 40. Rf5 1-0

[Event "Nijmegen RABO"]
[Site "Nijmegen"]
[Date "1982.02.13"]
[Round "5"]
[White "Van Wijgerden, Cornelis"]
[Black "Reefschlaeger, Helmut"]
[Result "1-0"]
[WhiteElo "2425"]
[BlackElo "2405"]
[PlyCount "67"]
[EventDate "1982.02.13"]
[EventType "tourn (rapid)"]
[EventRounds "7"]
[EventCountry "NED"]
[EventCategory "8"]
[SourceTitle "EXT 1998"]
[Source "ChessBase"]
[SourceDate "1997.11.17"]
[SourceVersion "1"]
[SourceVersionDate "1997.11.17"]
[SourceQuality "1"]

1. e4 e6 2. d4 d5 3. Nc3 Bb4 4. Nge2 dxe4 5. a3 Be7 6. Nxe4 Nc6 7. Bf4 Nf6 8. Qd3 b6 9. 0-0-0 Bb7 10. N2g3 Qd7 11. Be2 0-0-0 12. c3 Nd5 13. Bd2 Na5 14. Qc2 Bc6 15. Rde1 Ba4 16. Qd3 Bb3 17. Qa6+ Kb8 18. c4 Qa4 19. cxd5 Bxa3 20. Nc3 Qb4 21. Nb1 Bxb2+ 22. Kxb2 Qxd4+ 23. Bc3 Qa4 24. Na3 Bxd5 25. Qb5 Qf4 26. Bxa5 a6 27. Qb4 Qf6+ 28. Qc3 Qxf2 29. Nc2 Bxg2 30. Rhf1 Bxf1 31. Rxf1 Qxh2 32. Rxf7 Rc8 33. Bxb6 cxb6 34. Qe5+ 1-0

[Event "IBM-20 Grootmeestergroep"]
[Site "Amsterdam"]
[Date "1980.06.??"]
[Round "?"]
[White "Ligterink, Gert"]
[Black "Van Wijgerden, Cornelis"]
[Result "1-0"]
[WhiteElo "2455"]
[BlackElo "2435"]
[PlyCount "63"]
[EventDate "1980.06.26"]
[EventType "tourn"]
[EventRounds "11"]
[EventCountry "NED"]
[EventCategory "9"]
[SourceTitle "MCD"]
[Source "ChessBase"]
[SourceDate "1999.07.01"]
[SourceVersion "1"]
[SourceVersionDate "1999.07.01"]
[SourceQuality "1"]

1. d4 Nf6 2. c4 e6 3. Nc3 c5 4. d5 exd5 5. cxd5 d6 6. e4 g6 7. Bd3 Bg7 8. Nge2 0-0 9. 0-0 b6 10. Bg5 Ba6 11. f4 Bxd3 12. Qxd3 Nbd7 13. Kh1 a6 14. a4 Qc7 15. Rad1 Rfe8 16. Ng3 c4 17. Qf3 b5 18. axb5 axb5 19. Nxb5 Qb6 20. Nxd6 Qxd6 21. e5 Qb6 22. exf6 Nxf6 23. d6 Nd7 24. f5 Qb5 25. fxg6 fxg6 26. Be7 Ne5 27. Qe2 Nc6 28. Qe6+ Kh8 29. d7 Rg8 30. Ne4 Nd8 31. Nd6 Nxe6 32. Nf7# 1-0

[Event "IBM-20 Grootmeestergroep"]
[Site "Amsterdam"]
[Date "1980.06.??"]
[Round "?"]
[White "Unzicker, Wolfgang"]
[Black "Van Wijgerden, Cornelis"]
[Result "1-0"]
[WhiteElo "2510"]
[BlackElo "2435"]
[PlyCount "75"]
[EventDate "1980.06.26"]
[EventType "tourn"]
[EventRounds "11"]
[EventCountry "NED"]
[EventCategory "9"]
[SourceTitle "MCD"]
[Source "ChessBase"]
[SourceDate "1999.07.01"]
[SourceVersion "1"]
[SourceVersionDate "1999.07.01"]
[SourceQuality "1"]

1. e4 g6 2. d4 Bg7 3. Nc3 d6 4. f4 Nf6 5. Nf3 c5 6. dxc5 Qa5 7. Bd3 Qxc5 8. Qe2 Bg4 9. Be3 Qa5 10. 0-0 0-0 11. h3 Bxf3 12. Qxf3 Nc6 13. a3 Nd7 14. Bd2 Qb6+ 15. Kh1 Nc5 16. Rab1 Nxd3 17. Qxd3 Rac8 18. Nd5 Qd4 19. Qe2 Qa4 20. Bc3 Bxc3 21. Nxc3 Qa5 22. Rfd1 a6 23. Nd5 Kg7 24. c3 e6 25. Ne3 Qc7 26. Rd3 Rfd8 27. Rbd1 Na5 28. Qf2 Qe7 29. f5 Nc4 30. Ng4 f6 31. fxe6 h5 32. Ne3 Nxe3 33. Qxe3 Qxe6 34. Qb6 Qxe4 35. Re3 Qa4 36. Re7+ Kg8 37. Qxb7 Qxd1+ 38. Kh2 1-0

[Event "IBM-20 Grootmeestergroep"]
[Site "Amsterdam"]
[Date "1980.06.??"]
[Round "?"]
[White "Van Wijgerden, Cornelis"]
[Black "Bohm, Hans"]
[Result "1/2-1/2"]
[WhiteElo "2435"]
[BlackElo "2410"]
[PlyCount "38"]
[EventDate "1980.06.26"]
[EventType "tourn"]
[EventRounds "11"]
[EventCountry "NED"]
[EventCategory "9"]
[SourceTitle "MCD"]
[Source "ChessBase"]
[SourceDate "1999.07.01"]
[SourceVersion "1"]
[SourceVersionDate "1999.07.01"]
[SourceQuality "1"]

1. c4 c6 2. d4 d5 3. cxd5 cxd5 4. Nc3 Nf6 5. Nf3 Nc6 6. Bf4 e6 7. e3 Bd6 8. Bg3 0-0 9. Bd3 Re8 10. Ne5 Bxe5 11. dxe5 Nd7 12. f4 Nc5 13. Bb1 b6 14. Nb5 Ba6 15. Nd6 Nb4 16. Bxh7+ Kxh7 17. Qh5+ Kg8 18. Qxf7+ Kh7 19. Qh5+ Kg8 1/2-1/2

[Event "IBM-20 Grootmeestergroep"]
[Site "Amsterdam"]
[Date "1980.06.??"]
[Round "?"]
[White "Van Wijgerden, Cornelis"]
[Black "Hofland, Leonhard"]
[Result "1/2-1/2"]
[WhiteElo "2435"]
[BlackElo "2300"]
[PlyCount "24"]
[EventDate "1980.06.26"]
[EventType "tourn"]
[EventRounds "11"]
[EventCountry "NED"]
[EventCategory "9"]
[SourceTitle "MCD"]
[Source "ChessBase"]
[SourceDate "1999.07.01"]
[SourceVersion "1"]
[SourceVersionDate "1999.07.01"]
[SourceQuality "1"]

1. e4 c6 2. d4 d5 3. exd5 cxd5 4. Bd3 Nc6 5. c3 Nf6 6. Bf4 Qb6 7. Qb3 Qxb3 8. axb3 Bg4 9. b4 e6 10. b5 Ne7 11. b6 a6 12. Na3 Nc6 1/2-1/2

[Event "IBM-20 Grootmeestergroep"]
[Site "Amsterdam"]
[Date "1980.06.??"]
[Round "?"]
[White "Van Wijgerden, Cornelis"]
[Black "Langeweg, Kick"]
[Result "1/2-1/2"]
[WhiteElo "2435"]
[BlackElo "2425"]
[PlyCount "67"]
[EventDate "1980.06.26"]
[EventType "tourn"]
[EventRounds "11"]
[EventCountry "NED"]
[EventCategory "9"]
[SourceTitle "MCD"]
[Source "ChessBase"]
[SourceDate "1999.07.01"]
[SourceVersion "1"]
[SourceVersionDate "1999.07.01"]
[SourceQuality "1"]

1. e4 c5 2. d4 cxd4 3. c3 Nf6 4. e5 Nd5 5. Nf3 d6 6. cxd4 Nc6 7. Bc4 Nb6 8. Bb5 dxe5 9. Nxe5 Bd7 10. Bxc6 Bxc6 11. Nxc6 bxc6 12. 0-0 g6 13. Re1 Bg7 14. Bg5 Nc8 15. Qa4 0-0 16. Qxc6 Rb8 17. Qc2 Qb6 18. Bc1 Nd6 19. Nc3 Nf5 20. d5 Rfc8 21. Qd3 Qd4 22. Qe2 Qb4 23. Bd2 Qxb2 24. Rab1 Qa3 25. Rxb8 Rxb8 26. Qe4 Nd6 27. Qa4 Qc5 28. Ne4 Qxd5 29. Bf4 Qd4 30. Qa5 Rc8 31. Nxd6 exd6 32. Be3 Qc3 33. Qxc3 Rxc3 34. Bxa7 1/2-1/2

[Event "NED-ch35"]
[Site "Leeuwarden"]
[Date "1980.03.15"]
[Round "9"]
[White "Van Wijgerden, Cornelis"]
[Black "Van der Sterren, Paul"]
[Result "0-1"]
[WhiteElo "2435"]
[BlackElo "2410"]
[PlyCount "81"]
[EventDate "1980.03.05"]
[EventType "tourn"]
[EventRounds "13"]
[EventCountry "NED"]
[EventCategory "7"]
[SourceTitle "MCD"]
[Source "ChessBase"]
[SourceDate "1999.07.01"]
[SourceVersion "1"]
[SourceVersionDate "1999.07.01"]
[SourceQuality "1"]

1. c4 e5 2. Nc3 Nc6 3. g3 g6 4. Bg2 Bg7 5. e3 d6 6. Nge2 Nh6 7. d3 0-0 8. 0-0 Be6 9. Rb1 Qd7 10. b4 Bh3 11. b5 Bxg2 12. Kxg2 Nd8 13. e4 f5 14. f3 Ne6 15. Be3 g5 16. Ng1 Rf7 17. Rb2 Raf8 18. Rbf2 Bf6 19. Bc1 c6 20. h3 Bd8 21. g4 Bb6 22. exf5 Nf4+ 23. Bxf4 gxf4 24. bxc6 bxc6 25. Rc2 Rg7 26. Kh2 Kh8 27. Ne4 Be3 28. Re1 Qd8 29. Rxe3 fxe3 30. Qe1 Nxf5 31. gxf5 Rfg8 32. Ne2 Rg2+ 33. Kh1 d5 34. cxd5 cxd5 35. Qc3 Qe7 36. N4g3 R2xg3 37. Nxg3 Rxg3 38. Qa5 Rg8 39. Qe1 d4 40. Qf1 Qg5 41. Rh2 0-1